Detalles MARC
| 000 -CABECERA |
| campo de control de longitud fija |
00977nam a2200217 a 4500 |
| 001 - NÚMERO DE CONTROL |
| campo de control |
000024612 |
| 005 - FECHA Y HORA DE LA ÚLTIMA TRANSACCIÓN |
| campo de control |
20200930023252.0 |
| 008 - DATOS DE LONGITUD FIJA--INFORMACIÓN GENERAL |
| campo de control de longitud fija |
110201s1974 ag r 000 0 spa d |
| 040 ## - FUENTE DE LA CATALOGACIÓN |
| Centro catalogador/agencia de origen |
DO-SdBNP |
| Lengua de catalogación |
spa |
| Centro/agencia transcriptor |
BNPHU |
| 100 1# - ENTRADA PRINCIPAL--NOMBRE DE PERSONA |
| Nombre de persona |
Ann Davies, Ruth. |
| 9 (RLIN) |
50470 |
| 240 14 - TÍTULO UNIFORME |
| Título uniforme |
The school library, a force for educational excellence. |
| Lenguaje de la obra |
Español |
| 245 13 - MENCIÓN DE TÍTULO |
| Título |
La biblioteca escolar : |
| Resto del título |
propulsora de la educación / |
| Mención de responsabilidad, etc. |
Ruth Ann Davies ; traducción de Amelia Costa de Aguado. |
| 260 ## - PUBLICACIÓN, DISTRIBUCIÓN, ETC. |
| Lugar de publicación, distribución, etc. |
Buenos Aires : |
| Nombre del editor, distribuidor, etc. |
Centro Regional de Ayuda Técnia. Agencia para el Desarrollo Internacional ; |
| -- |
Bowker, |
| Fecha de publicación, distribución, etc. |
1974. |
| 300 ## - DESCRIPCIÓN FÍSICA |
| Extensión |
495 p. ; |
| Dimensiones |
23 cm. |
| 490 1# - MENCIÓN DE SERIE |
| Mención de serie |
La biblioteca escolar. |
| Designación de volumen o secuencia |
3 |
| 534 ## - NOTA SOBRE LA VERSIÓN ORIGINAL |
| Encabezamiento principal del original |
Título de la obra en inglés : |
| Mención de título del original |
The school library, a force for educational excellence |
| 500 ## - NOTA GENERAL |
| Nota general |
Incluye referencias bibliográficas y notas al pie de las páginas. |
| 500 ## - NOTA GENERAL |
| Nota general |
Incluye índice temático. |
| 504 ## - NOTA DE BIBLIOGRAFÍA, ETC. |
| Nota de bibliografía, etc. |
Bibliografía : [485]-490 p. |
| 700 1# - PUNTO DE ACCESO ADICIONAL--NOMBRE DE PERSONA |
| Nombre de persona |
Costa de Aguado, Amelia, |
| Término indicativo de función/relación |
tr. |
| 9 (RLIN) |
50471 |